Contemporary labor economics
Saved in:
| 主要作者: | |
|---|---|
| 格式: | 圖書 |
| 語言: | 英语 |
| 出版: |
McGraw-Hill Education
2017
|
| 標簽: |
添加標簽
沒有標簽, 成為第一個標記此記錄!
|
MARC
| LEADER | 00000nam a22000007a 4500 | ||
|---|---|---|---|
| 008 | 230818b |||||||| |||| 00| 0 eng d | ||
| 020 | |a 9781260083972 | ||
| 100 | |a McCONNELL, Campbell R. |a Brue, Stanley L. |a Macpherson, David A. | ||
| 245 | |a Contemporary labor economics |c / Campbell R. McConnell, Stanley L. Brue,David A. Macpherson |g xvii,621p;ill | ||
| 250 | |b 11th | ||
| 260 | |b McGraw-Hill Education |c 2017 |h New York |i 700514 |i 700515 |l HD4901.M13 |m Labor economics | ||
| 500 | |a it includes index | ||
| 942 | |a lcc |c BK |e Johnson |f 18/08/23 | ||
| 952 | |0 0 |1 0 |2 lcc |4 0 |6 HD4901 M13 |7 0 |9 4393 |a SSL |b HOL |c GJ |d 2023-08-18 |l 0 |o HD4901.M13 |p 2023-0317 |r 2023-08-18 00:00:00 |t 700514 |w 2023-08-18 |y BK | ||
| 952 | |0 0 |1 0 |2 lcc |4 0 |6 HD4901 M13 |7 0 |9 4394 |a HOL |b HOL |c GJ |d 2023-08-18 |l 0 |o HD4901.M13 |p 2023-0318 |r 2023-08-18 00:00:00 |t 700515 |w 2023-08-18 |y BK | ||
| 999 | |c 2205 |d 2205 | ||